000 00526nam a2200217Ia 4500
003 OSt
005 20220924135140.0
006 a|||||r|||| 00| 0
007 ta
008 220923b |||||||| |||| 00| 0 ben d
024 _a288695
037 _cTextual
040 _aARTS
_cARTS
_bben
041 _2ben
_aben
082 _aNTxN21:g, 157M1
100 _aChaudhary
245 0 _aNasresta sisir kumar
260 _c1981
942 _hNTxN21:g, 157M1
_cTEXL
_2CC
999 _c439778
_d439778